| 000 | 01596nam a2200277Ia 4500 | ||
|---|---|---|---|
| 001 | K0724 | ||
| 003 | IT-RoPAU | ||
| 008 | 130308s9999 xx 000 0 und d | ||
| 040 | _aIT-RoPAU | ||
| 040 | _cIT-RoPAU | ||
| 041 | _aITALIANO | ||
| 100 | _aFabiani Enzo | ||
| 100 | _gCodice Aut. SPICS: 312 | ||
| 245 | _aEros Pellini | ||
| 245 | _bEros Pellini | ||
| 250 | _a1a ed. | ||
| 260 | _bOrlando Consonni Editore | ||
| 260 | _c1989 [1° Ed.:1989 - Ed.Ling.Originale:1989] | ||
| 300 | _a"90 p. (prefazione: no ; testo: 90 [pagine: 0-0])" | ||
| 500 | _a"Grande Primavera di Eros Pellini. Antologia Critica. Biografia e Bibliografia. 36 Illustrazioni in bianco e Nero: Quattro Stagioni; Adolescente Seduta; Natività di Gesu'; Resurrezione di Gesu'; Discorso della Montagna; Carabiniere con Bicicletta; Puledro; Lapidazione di S. Paolo; Innamorati; Ventaglio; Cavallo; Eletti; Giocolieri; Ballerina Sulle Punte; Ragazza con Ombrello; Adolescente; Ragazza con Chitarra; Gallo; Ballerina in Piedi; Ragazza Sul Divano; Ballerina in Riposo; Don Chisciotte; Nastrino; Ragazza che si Spoglia; Susanna; passo di Danza; Pattinatrice; Puledrino; Ragazzina; ragazze al Caffe'; Trapezisti; Annunciazione; Ballerina seduta che si Mette la Calza. 107 Illustrazioni di Catalogo in bianco e Nero " | ||
| 650 | _aAUTORI/OPERE DI scultura | ||
| 650 | _eCodice materia Spics: 5257 | ||
| 942 | _cBK | ||
| 957 | _71 | ||
| 999 |
_c77348 _d77348 |
||
| 999 | _g1 | ||